000 00676cam a2200253 4500
001 M2056
008 090401t1996 xxu||||| |||| 00| 0 eng d
035 _a(Sirsi) u36262
041 0 _aeng
050 0 4 _a333.0062 $2 18
090 _aRICS 1996/15AB
110 2 _aRoyal Institution of Chartered Surveyors
_94900
245 0 0 _aAnnual report and accounts 1995.
260 _aLondon
_bRICS
_c1996
300 _a17p.
_c30cm.
350 _a0
490 0 _aRICS Annual Report
490 0 _aRICS Financial Statements
520 _aReproduced in CSM March 1996.
651 4 _aInternational
690 _aABOUT RICS-RICS ANNUAL REPORT
942 _n0
948 _c04/03/1997
999 _c90233
_d90233